| 000 | 004270000a22001690004500 | ||
|---|---|---|---|
| 041 | 0 | _aENG | |
| 082 | 0 | 4 | _aG 289 C5921m |
| 100 | 1 | _aClark, Elmer T. | |
| 245 | 1 | 0 | _aThe small sects in America / Elmer T. Clark |
| 260 | _aNashville, TN., USA : Cokesbury | ||
| 300 | _a311 Pag | ||
| 001 | 8893 | ||
| 942 | _cBK | ||
| 999 |
_c38996 _d38996 |
||
| 336 |
_atexto _btxt _2rdacontent |
||
| 337 |
_2rdamedia _asin mediación _bn |
||
| 338 |
_2rdacarrier _avolumen _bnc |
||